000 00266nam a2200109Ia 4500
008 190914s9999||||xx |||||||||||||| ||und||
100 _aHarry R. Lewis
245 0 _aElements of The Theory of Computation
260 _aUSA
_bAddison
_c2002
300 _a728
942 _cBK
999 _c8457
_d8457